| 000 | 00839cam a2200217 4500 | ||
|---|---|---|---|
| 001 | WB3728-07 | ||
| 008 | 010718n2001 000 0 eng u | ||
| 035 | _a(Sirsi) u113680 | ||
| 245 | _aObstacles to practice for CSs | ||
| 260 | _c2001 | ||
| 490 |
_aRICS European Alert _vJune 2001, 2(1) |
||
| 520 | _aThe RICS Europe has provided a list of obstacles facing chartered surveyors practising in Europe in response to a survey by the EC on barriers faced by European service providers in the internal market. E-mail Jill Craig on [email protected] for more information. | ||
| 590 | _aWB | ||
| 650 | _aPROFESSIONAL PRACTICE | ||
| 650 | _aEUROPEAN COMMISSION | ||
| 650 | _aPROFESSIONAL QUALIFICATIONS | ||
| 650 | _aSERVICE PROVIDERS | ||
| 650 | _aABOUT RICS-RICS MEMBERS | ||
| 690 | _aMANAGEMENT-BUSINESS MANAGEMENT | ||
| 942 | _n0 | ||
| 999 |
_c67734 _d67734 |
||